000 00635nam a2200241Ia 4500
003 GCL
008 140319s9999 xx 000 0 eng d
040 _aGCL /
_cGCL
082 0 4 _aCC
_b932.014
_bR A
100 1 _aREDFORD, DONALD B.
245 1 0 _aAKHENATEN: THE HERETIC KING /
_cREDFORD, DONALD B.
260 _aالقاهرة :
_bTHE AMERICAN UNIVERSITY IN CAIRO PRESS ،
_c1992
300 _a255 P ؛
_c22 C M
650 0 4 _aEGYPT
650 0 4 _aANCIENT EGYPT
650 0 4 _aHISTORY
650 0 4 _aEGYPTOLOGY
650 0 4 _aTEMPLES
650 0 4 _aAKHENATEN
650 0 4 _aPHARAOHS
650 0 4 _aNEW KINGDOM
942 _2ddc
_cBK
999 _c11965
_d11965